KNOWLEDGE UPDATE PROGRAMME - MUHS TRS VOL-I / (Record no. 797639)

MARC details
000 -LEADER
fixed length control field 00426pam a2200157 a 4500
020 ## - INTERNATIONAL STANDARD BOOK NUMBER
International Standard Book Number -
Terms of availability
041 ## - LANGUAGE CODE
Language code of original
082 ## - DEWEY DECIMAL CLASSIFICATION NUMBER
Classification number 610.72
Item number PHA
100 ## - MAIN ENTRY--PERSONAL NAME
Personal name PHADKE, M .
245 ## - TITLE STATEMENT
Title KNOWLEDGE UPDATE PROGRAMME - MUHS TRS VOL-I /
Statement of responsibility, etc. NULL.
Medium Textual Documents
260 ## - PUBLICATION, DISTRIBUTION, ETC.
Place of publication, distribution, etc. NULL :
Name of publisher, distributor, etc. MAH. HEALTH UNI. ,
Date of publication, distribution, etc. 2005.
300 ## - PHYSICAL DESCRIPTION
Extent 54 : :
Other physical details XI ; ;
Dimensions A4 . +
Accompanying material HB.
504 ## - BIBLIOGRAPHY, ETC. NOTE
Bibliography, etc. note MEDICAL EDUCATION
653 ## - INDEX TERM--UNCONTROLLED
Uncontrolled term KNOWLEDGE(GENERAL)
930 ## - EQUIVALENCE OR CROSS-REFERENCE-UNIFORM TITLE HEADING [LOCAL, CANADA]
Uniform title 3105
Holdings
Withdrawn status Lost status Damaged status Not for loan Collection Home library Current library Date acquired Source of acquisition Cost, normal purchase price Total Checkouts Full call number Barcode Date last seen Copy number Price effective from Koha item type
          Medical College & Hospital, Sangli Medical College & Hospital, Sangli 06/11/2008 B.M.S.G.B.PUNE 30.00   610.72 PHA MCS-7218 26/07/2023 2 26/07/2023 Book
          Medical College & Hospital, Sangli Medical College & Hospital, Sangli 06/11/2008 B.M.S.G.B.PUNE 30.00   610.72 PHA MCS-7188 26/07/2023 1 26/07/2023 Book